000 00475nam a22001697a 4500
003 OSt
008 260425b |||||||| |||| 00| 0 eng d
082 _a635.26
_bC35E
100 _aChoudhary, Sanjay Kumar
245 _aEffect of Nitrogen and Spacing on Growth and Yield of Garlic (Allium Sativum L.)
260 _aPusa, Samastipur
_bRAU
_c2000
300 _a93P.
502 _bMsc.
_d2000
650 _aVegetable & Floriculture
650 _aHorticulture
942 _2ddc
_cT
999 _c50195
_d50195